| 000 | 01106nam a22001577a 4500 | ||
|---|---|---|---|
| 008 | 180803b xxu||||| |||| 00| 0 eng d | ||
| 020 | _a9783000596131 | ||
| 082 |
_a700.74 _bB588b |
||
| 100 |
_aNgcobo, Gabi et al. (Curadores) _96562 |
||
| 110 |
_aKUNST-WERKE BERLIN e. V. (Organizador) _96563 |
||
| 245 | _a10th Berlin Biennale for Contemporary Art: We Don't Need Another Hero | ||
| 260 |
_aGermany _b10th Berlin Biennale for Contemporary Art _c2018 |
||
| 300 |
_a296 p. _bill (col). _c14.7 cm |
||
| 505 |
_tIndex of Artists _tMaps _tExhibition Venues _tTickets and Prices _tTours _tMediation Program _tI'M NOT WHO YOU THINK I'M NOT Public Program _tI'M NOT WHO YOU THINK I'M NOT A MANIFESTO _rNgcobo, Gabi et al. _tDEAR HISTORY, WE DON'T NEED ANOTHER HERO _rNgcobo, Gabi _tAkademie der Künste _tHAU Hebbel am Ufer (HAU2) _tKW Institute for Contemporary Art _tVolksbühne Pavilion _tZK/U - Center for Art and Urbanistics _tList of Works _tImage Credits _tLenders _tSupport _tTeam 10th Berlin Biennale _tThanks _tColophon |
||
| 650 |
_2Arte Contemporaneo _xArte - exhibiciones _xArte - bienales _xArte - festivales _zArte - Berlín _96564 |
||
| 999 |
_c1568 _d1568 |
||